Yokai vaillant - Statistiques

Statistiques générales
  • Ce quiz a été pris 38 fois
  • Le résultat moyen est 37 sur 82
Statistiques - réponses
Hint Réponse % Correct
608 Shogunyan
90%
004 Pagno
83%
003 Woko
83%
005 Alfonceo
79%
040 Feulion
79%
041 Vibrilion
72%
009 Samoussrai
69%
028 Amiral
66%
059 Coach Antonic
66%
042 Siro
66%
006 Toumou
66%
027 Bushidos
62%
026 Heaumer
62%
015 Fouetar
59%
047 Hovernyan
59%
007 Lamlam'mou
59%
019 Ronin
59%
008 Samoumourai
59%
046 Orox
55%
045 Padelou
55%
011 Roupilion
55%
012 Rugis
55%
044 Sabri
55%
054 Scarmouche
55%
055 Scarnage
55%
062 Vamperic
55%
014 Zerberker
55%
043 Bonneto
52%
035 Bouh
52%
061 Demophage
52%
001 Loupépin
52%
018 Mochimacho
52%
031 Sale de bain
52%
053 Scatcheur
52%
013 Trepigno
52%
029 Agonigiri
48%
017 Sumochi
48%
010 Roninpec
45%
002 Antitaie
41%
039 B3NK1
41%
038 Benkei
41%
604 Dernier Nyanmurai
41%
052 Kapunki
41%
030 Onigiri
41%
051 Sushiyama
41%
049 Ultramax K
41%
048 Ultramax N
41%
060 Bison Antonic
38%
067 Camelia
38%
697 El Dragonor
38%
063 Luminoct
38%
056 Maskonyan
38%
065 Shurikenny
38%
594 As de nyan
34%
023 Barrakeda
34%
698 Phemniscian
34%
022 Samuren
34%
016 Superfouetar
34%
032 XXL de bain
34%
618 Asura
31%
050 Bobdruche
31%
682 Hiiivon
31%
066 Nunchucky
31%
021 Verrascible
31%
036 Barbokai
28%
600 Bishamonten
28%
020 Bon huiii
28%
024 Calimeballe
28%
622 Hovernyan Cao Cao
28%
621 Hovernyan S
28%
681 Meuhlinda
28%
064 Suprarachnus
28%
033 El gallardo
24%
037 Moinon
24%
057 Momonyan
24%
675 Shivatenguerre
24%
620 Supernyan
24%
670 Zazel le bon
24%
025 Battan
21%
601 Chagellan
21%
058 Sire Nyancelot
21%
034 Gran. Gallardo
17%
Aucun quiz correspondant
Distribution des résultats
% des personnes avec chaque résultat
Percentile par nombre de réponses
Votre historique - résultats
Vous n’avez pas pris ce quiz